Southernmost Bordering Country #2 - Statistics

General Stats
  • This quiz has been taken 36 times
  • The average score is 19 of 20
Answer Stats
Hint Answer % Correct
Uruguay Argentina
100%
Germany Austria
100%
Pakistan India
100%
Qatar Saudi Arabia
100%
Norway Sweden
100%
Belarus Ukraine
100%
Canada United States
100%
Cambodia Vietnam
100%
Montenegro Albania
97%
Panama Colombia
97%
Haiti Dominican Republic
97%
Luxembourg France
97%
Malaysia Indonesia
97%
North Korea South Korea
97%
Malawi Mozambique
94%
Cameroon Republic of the Congo
94%
Botswana South Africa
94%
Austria Slovenia
91%
Kyrgyzstan Tajikistan
91%
Guinea Liberia
88%
No matching quizzes found
Score Distribution
Percent of People with Each Score
Percentile by Number Answered
Your Score History
You have not taken this quiz